| 000 | 00534nam a2200169 i 4500 | ||
|---|---|---|---|
| 001 | 149184 | ||
| 003 | ES-MaACL | ||
| 005 | 20230906203006.0 | ||
| 007 | t| | ||
| 008 | 071019s1978 sp ||||1| spa d | ||
| 100 | 1 |
_aVega Prada, Juan Luis. _9113619 |
|
| 245 | 1 | 4 |
_aLos ribadenses de antaño / _cJuan Luis Vega Prada ; prólogo Daniel Cortezón Alvarez. |
| 260 |
_aOviedo : _b[s.n.], _c1978 ( _fGraf. Summa) |
||
| 300 |
_a64 p. ; _c25 cm. |
||
| 700 | 1 |
_aCortezón, Daniel ( _d1927-2009) _940926 |
|
| 852 |
_aES-MaACL _jA-9423 _bR.98679 |
||
| 999 |
_c149184 _d149184 |
||